[Event "Irena Warakomska Memorial A"]
[Site "Suwalki"]
[Date "2020.08.08"]
[Round "3"]
[White "Rosol, Alexander"]
[Black "Leskiewicz, Ignacy"]
[Result "0-1"]
[Board "14"]
[WhiteElo "1923"]
[WhiteCountry "AUT"]
[WhiteFideId "1645730"]
[WhiteEloChange "-4"]
[BlackElo "2190"]
[BlackCountry "POL"]
[BlackFideId "1185870"]
[BlackEloChange "4"]

1. e4 {[%clk 1:30:38]} c5 {[%clk 1:30:56]} 2. Nf3 {[%clk 1:30:55]} e6 {[%clk
1:31:21]} 3. d4 {[%clk 1:31:08]} cxd4 {[%clk 1:31:50]} 4. Nxd4 {[%clk 1:31:30]}
Nc6 {[%clk 1:32:14]} 5. Nc3 {[%clk 1:25:03]} Qc7 {[%clk 1:32:33]} 6. Be3 {[%clk
1:21:49]} a6 {[%clk 1:32:52]} 7. Nxc6 {[%clk 1:17:10]} bxc6 {[%clk 1:31:01]} 8.
Bd3 {[%clk 1:16:48]} Nf6 {[%clk 1:25:44]} 9. O-O {[%clk 1:16:26]} d5 {[%clk
1:25:17]} 10. Qe2 {[%clk 1:13:53]} Be7 {[%clk 1:18:41]} 11. Rae1 {[%clk 0:46:50]}
O-O {[%clk 1:16:57]} 12. f4 {[%clk 0:46:57]} Rd8 {[%clk 1:15:48]} 13. e5 {[%clk
0:46:14]} Nd7 {[%clk 1:16:17]} 14. Rf3 {[%clk 0:41:09]} Nf8 {[%clk 1:15:23]} 15.
Rh3 {[%clk 0:40:26]} g6 {[%clk 1:15:27]} 16. Nd1 {[%clk 0:37:10]} c5 {[%clk
1:11:42]} 17. c3 {[%clk 0:35:44]} d4 {[%clk 1:04:49]} 18. cxd4 {[%clk 0:33:13]}
cxd4 {[%clk 1:05:18]} 19. Bd2 {[%clk 0:33:41]} Bd7 {[%clk 1:04:54]} 20. Nf2
{[%clk 0:31:22]} Bb5 {[%clk 1:03:28]} 21. Ne4 {[%clk 0:31:11]} Rac8 {[%clk
0:58:33]} 22. Qg4 {[%clk 0:23:28]} Bxd3 {[%clk 0:57:13]} 23. Rxd3 {[%clk
0:23:55]} Qc2 {[%clk 0:53:10]} 24. Rh3 {[%clk 0:23:24]} Qxb2 {[%clk 0:52:59]} 25.
a3 {[%clk 0:15:47]} Rc2 {[%clk 0:49:50]} 26. Bb4 {[%clk 0:15:58]} Rc1 {[%clk
0:49:48]} 27. Rxc1 {[%clk 0:08:55]} Qxc1+ {[%clk 0:47:28]} 28. Kf2 {[%clk
0:09:24]} Qc2+ {[%clk 0:46:12]} 29. Qe2 {[%clk 0:09:04]} d3 {[%clk 0:42:10]} 30.
Qxc2 {[%clk 0:08:42]} Bh4+ {[%clk 0:42:22]} 31. Ke3 {[%clk 0:06:05]} dxc2 {[%clk
0:42:47]} 32. Bd2 {[%clk 0:06:25]} Be1 {[%clk 0:43:06]} 33. Nd6 {[%clk 0:06:12]}
g5 {[%clk 0:37:16]} 34. Ke2 {[%clk 0:04:00]} Bxd2 {[%clk 0:37:37]} 35. Kxd2
{[%clk 0:04:28]} gxf4 {[%clk 0:38:06]} 36. Kxc2 {[%clk 0:02:38]} Ng6 {[%clk
0:38:34]} 37. Nc4 {[%clk 0:02:56]} Rd5 {[%clk 0:38:46]} 38. Rf3 {[%clk 0:03:03]}
Rc5 {[%clk 0:38:16]} 39. Kb3 {[%clk 0:02:29]} Rxc4 {[%clk 0:38:24]} 0-1

[Event "Irena Warakomska Memorial A"]
[Site "Suwalki"]
[Date "2020.08.08"]
[Round "3"]
[White "Chojnowski, Marcin"]
[Black "Strzelecki, Jerzy"]
[Result "1/2-1/2"]
[Board "15"]
[WhiteElo "2035"]
[WhiteCountry "POL"]
[WhiteFideId "1121456"]
[WhiteEloChange "-2"]
[BlackElo "1977"]
[BlackCountry "POL"]
[BlackFideId "1120506"]
[BlackEloChange "2"]

1. d4 {[%clk 1:30:30]} Nf6 {[%clk 1:30:33]} 2. c4 {[%clk 1:30:13]} g6 {[%clk
1:30:45]} 3. f3 {[%clk 1:30:29]} Bg7 {[%clk 1:29:28]} 4. e4 {[%clk 1:30:42]} d6
{[%clk 1:29:45]} 5. Nc3 {[%clk 1:31:00]} O-O {[%clk 1:30:10]} 6. Be3 {[%clk
1:29:48]} a6 {[%clk 1:29:46]} 7. Nge2 {[%clk 1:29:46]} c6 {[%clk 1:29:12]} 8. Ng3
{[%clk 1:26:47]} b5 {[%clk 1:28:54]} 9. Be2 {[%clk 1:26:21]} Nbd7 {[%clk
1:27:53]} 10. O-O {[%clk 1:25:39]} Bb7 {[%clk 1:26:34]} 11. a4 {[%clk 1:23:09]}
b4 {[%clk 1:26:16]} 12. Na2 {[%clk 1:22:08]} c5 {[%clk 1:26:22]} 13. Nc1 {[%clk
1:21:06]} Qc7 {[%clk 1:21:45]} 14. d5 {[%clk 1:14:29]} e5 {[%clk 1:17:05]} 15. f4
{[%clk 1:10:26]} exf4 {[%clk 1:16:33]} 16. Bxf4 {[%clk 1:10:46]} Rae8 {[%clk
1:16:09]} 17. Qc2 {[%clk 1:07:01]} Ra8 {[%clk 1:14:51]} 1/2-1/2

[Event "Irena Warakomska Memorial A"]
[Site "Suwalki"]
[Date "2020.08.08"]
[Round "3"]
[White "Jurkiewicz, Krzysztof"]
[Black "Marczukiewicz, Jerzy"]
[Result "1-0"]
[Board "16"]
[WhiteElo "2011"]
[WhiteCountry "POL"]
[WhiteFideId "1103270"]
[WhiteEloChange "7"]
[BlackElo "1912"]
[BlackCountry "POL"]
[BlackFideId "1108948"]
[BlackEloChange "-7"]

1. d4 {[%clk 1:30:57]} d5 {[%clk 1:30:50]} 2. c4 {[%clk 1:31:23]} c6 {[%clk
1:31:10]} 3. Nf3 {[%clk 1:31:44]} Nf6 {[%clk 1:31:19]} 4. Qc2 {[%clk 1:32:03]}
dxc4 {[%clk 1:31:15]} 5. Qxc4 {[%clk 1:32:24]} Bf5 {[%clk 1:31:06]} 6. Nc3 {[%clk
1:29:40]} e6 {[%clk 1:31:14]} 7. Bg5 {[%clk 1:25:13]} Be7 {[%clk 1:31:04]} 8. e3
{[%clk 1:24:46]} Nbd7 {[%clk 1:29:57]} 9. Qb3 {[%clk 1:19:00]} Qb6 {[%clk
1:30:01]} 10. Bc4 {[%clk 1:18:26]} h6 {[%clk 1:24:21]} 11. Bh4 {[%clk 1:18:15]}
Qxb3 {[%clk 1:21:40]} 12. Bxb3 {[%clk 1:18:24]} g5 {[%clk 1:19:31]} 13. Bg3
{[%clk 1:18:30]} Ne4 {[%clk 1:16:30]} 14. Ne5 {[%clk 1:04:35]} Nxe5 {[%clk
1:02:09]} 15. Bxe5 {[%clk 1:04:12]} f6 {[%clk 1:00:10]} 16. Bg3 {[%clk 1:02:34]}
Bb4 {[%clk 0:58:04]} 17. Rc1 {[%clk 1:01:20]} h5 {[%clk 0:53:47]} 18. f3 {[%clk
0:57:15]} Nxg3 {[%clk 0:51:13]} 19. hxg3 {[%clk 0:55:33]} Ke7 {[%clk 0:51:16]}
20. Kf2 {[%clk 0:50:28]} Bg6 {[%clk 0:47:11]} 21. Na4 {[%clk 0:46:05]} Rad8
{[%clk 0:41:21]} 22. Nc5 {[%clk 0:45:05]} Bxc5 {[%clk 0:41:10]} 23. Rxc5 {[%clk
0:45:04]} Be8 {[%clk 0:35:01]} 24. Rd1 {[%clk 0:42:19]} h4 {[%clk 0:34:12]} 25.
Rcc1 {[%clk 0:36:45]} Bg6 {[%clk 0:33:02]} 26. gxh4 {[%clk 0:29:21]} Rxh4 {[%clk
0:33:10]} 27. Kg3 {[%clk 0:28:16]} Rhh8 {[%clk 0:31:54]} 28. e4 {[%clk 0:23:54]}
Bf7 {[%clk 0:31:33]} 29. Kf2 {[%clk 0:20:52]} Rd7 {[%clk 0:28:18]} 30. Ke3 {[%clk
0:17:26]} Rh2 {[%clk 0:23:29]} 31. Kf2 {[%clk 0:15:32]} Rh8 {[%clk 0:22:11]} 32.
Rd2 {[%clk 0:12:56]} Rhd8 {[%clk 0:22:04]} 33. Rcd1 {[%clk 0:12:49]} e5 {[%clk
0:15:12]} 34. Bxf7 {[%clk 0:11:31]} Kxf7 {[%clk 0:15:25]} 35. d5 {[%clk 0:09:31]}
cxd5 {[%clk 0:15:01]} 36. Rxd5 {[%clk 0:09:01]} Rxd5 {[%clk 0:14:59]} 37. Rxd5
{[%clk 0:07:43]} Ke7 {[%clk 0:13:45]} 38. Rxd8 {[%clk 0:05:58]} Kxd8 {[%clk
0:14:03]} 39. Kg3 {[%clk 0:06:18]} Ke7 {[%clk 0:12:01]} 40. Kg4 {[%clk 0:36:37]}
Ke6 {[%clk 0:41:14]} 41. Kh5 {[%clk 0:36:32]} Kf7 {[%clk 0:39:06]} 42. Kh6 {[%clk
0:36:30]} b5 {[%clk 0:39:05]} 43. b4 {[%clk 0:35:53]} a6 {[%clk 0:39:23]} 44. Kh7
{[%clk 0:34:24]} Ke8 {[%clk 0:33:21]} 45. Kg7 {[%clk 0:33:15]} Ke7 {[%clk
0:33:37]} 46. g4 {[%clk 0:32:23]} Ke6 {[%clk 0:32:41]} 47. Kf8 {[%clk 0:32:31]}
1-0

[Event "Irena Warakomska Memorial A"]
[Site "Suwalki"]
[Date "2020.08.08"]
[Round "4"]
[White "Grabarczyk, Miroslaw"]
[Black "Godzwon, Iwo"]
[Result "1-0"]
[Board "2"]
[WhiteElo "2368"]
[WhiteTitle "GM"]
[WhiteCountry "POL"]
[WhiteFideId "1101684"]
[WhiteEloChange "9"]
[BlackElo "2347"]
[BlackTitle "FM"]
[BlackCountry "POL"]
[BlackFideId "21802483"]
[BlackEloChange "-9"]

1. d4 {[%clk 1:30:56]} Nf6 {[%clk 1:30:58]} 2. c4 {[%clk 1:31:04]} g6 {[%clk
1:31:18]} 3. Nf3 {[%clk 1:31:07]} Bg7 {[%clk 1:31:41]} 4. g3 {[%clk 1:30:58]} d5
{[%clk 1:32:06]} 5. cxd5 {[%clk 1:31:01]} Nxd5 {[%clk 1:32:33]} 6. Bg2 {[%clk
1:31:14]} Nc6 {[%clk 1:32:54]} 7. O-O {[%clk 1:30:51]} Nb6 {[%clk 1:33:12]} 8. e3
{[%clk 1:31:08]} O-O {[%clk 1:33:24]} 9. Nc3 {[%clk 1:31:25]} Re8 {[%clk
1:28:13]} 10. d5 {[%clk 1:27:05]} Na5 {[%clk 1:26:57]} 11. Nd4 {[%clk 1:27:01]}
e5 {[%clk 1:17:37]} 12. dxe6 {[%clk 1:23:00]} Bxe6 {[%clk 1:17:23]} 13. Nxe6
{[%clk 1:22:00]} Qxd1 {[%clk 1:17:00]} 14. Rxd1 {[%clk 1:22:10]} Rxe6 {[%clk
1:17:28]} 15. Rb1 {[%clk 1:12:37]} c6 {[%clk 0:48:43]} 16. Bd2 {[%clk 1:10:25]}
Nac4 {[%clk 0:49:01]} 17. Be1 {[%clk 1:10:39]} Ree8 {[%clk 0:47:15]} 18. Kf1
{[%clk 0:56:31]} Red8 {[%clk 0:40:43]} 19. b3 {[%clk 0:54:00]} Rxd1 {[%clk
0:34:51]} 20. Nxd1 {[%clk 0:51:53]} Na3 {[%clk 0:30:41]} 21. Rc1 {[%clk 0:52:06]}
a5 {[%clk 0:31:06]} 22. Nc3 {[%clk 0:48:33]} a4 {[%clk 0:28:52]} 23. Nxa4 {[%clk
0:45:17]} Nxa4 {[%clk 0:29:18]} 24. bxa4 {[%clk 0:45:41]} Rxa4 {[%clk 0:29:25]}
25. Rd1 {[%clk 0:46:04]} Ra8 {[%clk 0:22:57]} 26. Rd7 {[%clk 0:44:03]} Rb8 {[%clk
0:23:24]} 27. Ba5 {[%clk 0:40:36]} Nc4 {[%clk 0:19:53]} 28. Bc7 {[%clk 0:37:10]}
Rc8 {[%clk 0:20:22]} 29. a4 {[%clk 0:34:43]} Bf6 {[%clk 0:15:40]} 30. h4 {[%clk
0:21:32]} Kf8 {[%clk 0:10:25]} 31. Bh3 {[%clk 0:17:47]} Ra8 {[%clk 0:06:53]} 32.
Bf4 {[%clk 0:18:09]} Na5 {[%clk 0:04:03]} 33. Bd6+ {[%clk 0:14:19]} Kg8 {[%clk
0:04:27]} 34. Bb4 {[%clk 0:14:11]} h5 {[%clk 0:04:45]} 35. Bg2 {[%clk 0:13:16]}
Nc4 {[%clk 0:02:38]} 36. Rxb7 {[%clk 0:12:18]} Rxa4 {[%clk 0:03:06]} 37. Bxc6
{[%clk 0:11:57]} Ra1+ {[%clk 0:03:32]} 38. Kg2 {[%clk 0:10:04]} Rb1 {[%clk
0:03:57]} 39. Bd5 {[%clk 0:08:02]} Ne5 {[%clk 0:04:17]} 40. f4 {[%clk 0:35:07]}
Rb2+ {[%clk 0:34:14]} 41. Kf1 {[%clk 0:32:11]} Ng4 {[%clk 0:31:10]} 42. Bc5
{[%clk 0:25:39]} Rxb7 {[%clk 0:29:50]} 43. Bxb7 {[%clk 0:25:34]} Bc3 {[%clk
0:28:07]} 44. e4 {[%clk 0:24:44]} Kg7 {[%clk 0:25:31]} 45. Ke2 {[%clk 0:24:25]}
Nf6 {[%clk 0:24:14]} 46. Bc6 {[%clk 0:23:56]} Ng4 {[%clk 0:24:08]} 47. Bg1 {[%clk
0:23:13]} Nf6 {[%clk 0:23:52]} 48. Kf3 {[%clk 0:22:57]} Kg8 {[%clk 0:23:24]} 49.
Bb7 {[%clk 0:21:37]} Kh7 {[%clk 0:21:40]} 50. Bc8 {[%clk 0:21:12]} Kg8 {[%clk
0:21:27]} 51. Bc5 {[%clk 0:19:44]} Ne8 {[%clk 0:20:56]} 52. Be7 {[%clk 0:18:43]}
Ng7 {[%clk 0:20:26]} 53. Bd7 {[%clk 0:17:44]} Ne6 {[%clk 0:18:05]} 54. f5 {[%clk
0:17:05]} gxf5 {[%clk 0:17:53]} 55. exf5 {[%clk 0:16:57]} Nf8 {[%clk 0:17:52]}
56. Ba4 {[%clk 0:15:44]} Nh7 {[%clk 0:16:40]} 57. Bd1 {[%clk 0:14:31]} Kg7 {[%clk
0:15:54]} 58. Ke4 {[%clk 0:12:23]} Nf6+ {[%clk 0:14:18]} 59. Kf3 {[%clk 0:12:08]}
Be5 {[%clk 0:13:43]} 60. Bb4 {[%clk 0:11:43]} Ng4 {[%clk 0:12:40]} 61. Be1 {[%clk
0:11:04]} Bd4 {[%clk 0:07:48]} 62. Ke4 {[%clk 0:10:20]} Bf2 {[%clk 0:06:03]} 63.
Bc3+ {[%clk 0:09:44]} Kh6 {[%clk 0:06:00]} 64. Bd2+ {[%clk 0:09:30]} Kg7 {[%clk
0:05:58]} 65. Bxg4 {[%clk 0:09:17]} Bxg3 {[%clk 0:05:56]} 66. Bxh5 {[%clk
0:08:57]} Bxh4 {[%clk 0:05:53]} 67. Bc3+ {[%clk 0:08:46]} Kf8 {[%clk 0:05:35]}
68. Bb4+ {[%clk 0:08:10]} Kg7 {[%clk 0:05:29]} 69. Bd1 {[%clk 0:07:45]} 1-0

[Event "Irena Warakomska Memorial A"]
[Site "Suwalki"]
[Date "2020.08.08"]
[Round "4"]
[White "Wolanski, Michal"]
[Black "Goluch, Piotr"]
[Result "0-1"]
[Board "3"]
[WhiteElo "1984"]
[WhiteCountry "POL"]
[WhiteFideId "1137778"]
[WhiteEloChange "-2"]
[BlackElo "2373"]
[BlackTitle "IM"]
[BlackCountry "POL"]
[BlackFideId "1137840"]
[BlackEloChange "2"]

1. c4 {[%clk 1:30:55]} e5 {[%clk 1:30:54]} 2. g3 {[%clk 1:31:19]} Nf6 {[%clk
1:31:13]} 3. Bg2 {[%clk 1:31:43]} c6 {[%clk 1:30:46]} 4. Nf3 {[%clk 1:32:05]} e4
{[%clk 1:29:38]} 5. Nd4 {[%clk 1:32:28]} Bc5 {[%clk 1:29:32]} 6. Nb3 {[%clk
1:31:42]} Be7 {[%clk 1:29:14]} 7. O-O {[%clk 1:31:11]} d5 {[%clk 1:24:58]} 8. d3
{[%clk 1:28:42]} exd3 {[%clk 1:25:02]} 9. Qxd3 {[%clk 1:24:47]} dxc4 {[%clk
1:25:27]} 10. Qxc4 {[%clk 1:24:36]} Be6 {[%clk 1:25:49]} 11. Qc2 {[%clk 1:24:43]}
O-O {[%clk 1:22:30]} 12. Nc3 {[%clk 1:23:20]} Na6 {[%clk 1:21:51]} 13. Rd1 {[%clk
1:22:26]} Nb4 {[%clk 1:21:54]} 14. Rxd8 {[%clk 1:19:27]} Nxc2 {[%clk 1:22:19]}
15. Rxf8+ {[%clk 1:19:34]} Kxf8 {[%clk 1:22:15]} 16. Rb1 {[%clk 1:19:56]} Bxb3
{[%clk 1:21:04]} 17. axb3 {[%clk 1:20:16]} Nd4 {[%clk 1:21:31]} 18. Be3 {[%clk
1:17:52]} Nxb3 {[%clk 1:21:41]} 19. h3 {[%clk 1:16:56]} a5 {[%clk 1:18:14]} 20.
Rd1 {[%clk 1:14:28]} Rd8 {[%clk 1:10:22]} 21. Rxd8+ {[%clk 1:14:30]} Bxd8 {[%clk
1:10:50]} 22. Kf1 {[%clk 1:14:15]} Nd7 {[%clk 1:08:23]} 23. Ne4 {[%clk 1:08:56]}
Be7 {[%clk 1:06:23]} 24. f4 {[%clk 1:06:49]} Bb4 {[%clk 1:06:17]} 25. g4 {[%clk
1:00:05]} Ke7 {[%clk 1:06:26]} 26. g5 {[%clk 0:56:27]} Ndc5 {[%clk 1:06:05]} 27.
Nxc5 {[%clk 0:51:15]} Bxc5 {[%clk 1:06:26]} 28. Kf2 {[%clk 0:49:53]} Kd6 {[%clk
1:06:02]} 29. Be4 {[%clk 0:49:41]} g6 {[%clk 1:05:57]} 30. h4 {[%clk 0:48:52]} b5
{[%clk 1:04:01]} 31. h5 {[%clk 0:45:58]} Nd4 {[%clk 0:58:10]} 32. Kf1 {[%clk
0:34:35]} a4 {[%clk 0:55:49]} 33. Bd2 {[%clk 0:33:34]} Nf5 {[%clk 0:53:32]} 34.
hxg6 {[%clk 0:31:44]} hxg6 {[%clk 0:53:55]} 35. Ke1 {[%clk 0:29:46]} Bd4 {[%clk
0:54:03]} 36. Bc1 {[%clk 0:29:35]} c5 {[%clk 0:51:52]} 37. Kd2 {[%clk 0:23:52]}
c4 {[%clk 0:51:25]} 38. Kc2 {[%clk 0:18:13]} b4 {[%clk 0:50:52]} 39. Bd2 {[%clk
0:17:38]} Kc5 {[%clk 0:51:13]} 40. Kb1 {[%clk 0:43:09]} Nd6 {[%clk 1:18:39]} 41.
Bf3 {[%clk 0:42:35]} Nb5 {[%clk 1:18:12]} 42. e4 {[%clk 0:41:01]} b3 {[%clk
1:18:02]} 43. f5 {[%clk 0:40:14]} a3 {[%clk 1:17:51]} 44. fxg6 {[%clk 0:38:58]}
fxg6 {[%clk 1:17:42]} 45. Bh5 {[%clk 0:38:33]} c3 {[%clk 1:16:43]} 0-1

[Event "Irena Warakomska Memorial A"]
[Site "Suwalki"]
[Date "2020.08.08"]
[Round "4"]
[White "Rudzinska, Michalina"]
[Black "Rasti, Arvin"]
[Result "1/2-1/2"]
[Board "6"]
[WhiteElo "2162"]
[WhiteTitle "WFM"]
[WhiteCountry "POL"]
[WhiteFideId "1172883"]
[WhiteEloChange "3"]
[BlackElo "2269"]
[BlackCountry "SWE"]
[BlackFideId "1741160"]
[BlackEloChange "-3"]

1. e4 {[%clk 1:30:57]} e6 {[%clk 1:30:22]} 2. d4 {[%clk 1:31:18]} d5 {[%clk
1:30:43]} 3. Nd2 {[%clk 1:31:40]} Nf6 {[%clk 1:31:05]} 4. e5 {[%clk 1:32:01]}
Nfd7 {[%clk 1:31:29]} 5. c3 {[%clk 1:32:22]} c5 {[%clk 1:31:52]} 6. Bd3 {[%clk
1:32:47]} Nc6 {[%clk 1:32:16]} 7. Ne2 {[%clk 1:33:11]} cxd4 {[%clk 1:32:40]} 8.
cxd4 {[%clk 1:33:37]} f6 {[%clk 1:33:03]} 9. exf6 {[%clk 1:34:01]} Nxf6 {[%clk
1:33:28]} 10. Nf3 {[%clk 1:34:24]} Bd6 {[%clk 1:33:53]} 11. O-O {[%clk 1:34:46]}
Qc7 {[%clk 1:34:05]} 12. g3 {[%clk 1:35:01]} O-O {[%clk 1:29:29]} 13. Bf4 {[%clk
1:35:26]} Bd7 {[%clk 1:24:58]} 14. Rc1 {[%clk 1:34:10]} a6 {[%clk 1:24:08]} 15.
Ne5 {[%clk 1:32:01]} Nh5 {[%clk 1:18:42]} 16. Qc2 {[%clk 1:27:39]} g6 {[%clk
1:17:47]} 17. Bxg6 {[%clk 1:15:56]} hxg6 {[%clk 1:17:57]} 18. Qxg6+ {[%clk
1:16:19]} Ng7 {[%clk 1:18:19]} 19. Ng4 {[%clk 1:16:26]} Bxf4 {[%clk 0:54:55]} 20.
Nxf4 {[%clk 1:16:24]} Be8 {[%clk 0:54:23]} 21. Nf6+ {[%clk 1:11:08]} Rxf6 {[%clk
0:54:45]} 22. Qxf6 {[%clk 1:11:35]} Qf7 {[%clk 0:54:33]} 23. Qxf7+ {[%clk
1:06:50]} Bxf7 {[%clk 0:53:44]} 24. g4 {[%clk 1:02:06]} Nxd4 {[%clk 0:50:41]} 25.
Rc7 {[%clk 1:02:10]} e5 {[%clk 0:50:26]} 26. Nd3 {[%clk 1:00:25]} Nf3+ {[%clk
0:49:52]} 27. Kg2 {[%clk 1:00:49]} Ne6 {[%clk 0:48:02]} 28. Rxb7 {[%clk 0:57:01]}
e4 {[%clk 0:48:21]} 29. Kg3 {[%clk 0:54:51]} d4 {[%clk 0:47:46]} 30. Nf4 {[%clk
0:43:23]} Nxf4 {[%clk 0:45:17]} 31. Kxf4 {[%clk 0:41:19]} d3 {[%clk 0:45:00]} 32.
Rd1 {[%clk 0:38:10]} Bg6 {[%clk 0:43:12]} 33. h4 {[%clk 0:36:20]} Rf8+ {[%clk
0:42:48]} 34. Kg3 {[%clk 0:36:13]} Ne5 {[%clk 0:36:31]} 35. h5 {[%clk 0:34:37]}
Rf3+ {[%clk 0:35:23]} 36. Kg2 {[%clk 0:33:23]} Bf7 {[%clk 0:34:45]} 37. Re7
{[%clk 0:31:48]} Nxg4 {[%clk 0:27:43]} 38. Rxe4 {[%clk 0:30:21]} Nxf2 {[%clk
0:26:29]} 39. Rg4+ {[%clk 0:18:15]} Kh7 {[%clk 0:25:56]} 40. Kxf3 {[%clk
0:36:52]} Nxd1 {[%clk 0:56:18]} 41. Rb4 {[%clk 0:33:04]} Bxh5+ {[%clk 0:52:15]}
42. Kf4 {[%clk 0:32:37]} Kg7 {[%clk 0:49:28]} 43. Rb6 {[%clk 0:27:25]} Be2 {[%clk
0:44:58]} 44. Rxa6 {[%clk 0:20:45]} Nxb2 {[%clk 0:45:10]} 45. Rd6 {[%clk
0:20:40]} Bf1 {[%clk 0:44:18]} 46. Rd4 {[%clk 0:19:24]} Be2 {[%clk 0:38:46]}
1/2-1/2

[Event "Irena Warakomska Memorial A"]
[Site "Suwalki"]
[Date "2020.08.08"]
[Round "4"]
[White "Budzisz, Adrian"]
[Black "Flis, Pawel"]
[Result "1-0"]
[Board "12"]
[WhiteElo "1901"]
[WhiteCountry "POL"]
[WhiteFideId "21860238"]
[WhiteEloChange "9"]
[BlackElo "1873"]
[BlackCountry "POL"]
[BlackFideId "1112864"]
[BlackEloChange "-9"]

1. Nf3 {[%clk 1:30:57]} Nf6 {[%clk 1:30:38]} 2. d4 {[%clk 1:31:23]} g6 {[%clk
1:30:57]} 3. c3 {[%clk 1:31:47]} Bg7 {[%clk 1:31:19]} 4. Bf4 {[%clk 1:32:12]} O-O
{[%clk 1:31:31]} 5. e3 {[%clk 1:32:37]} d6 {[%clk 1:31:49]} 6. h3 {[%clk
1:33:01]} b6 {[%clk 1:31:53]} 7. Be2 {[%clk 1:33:20]} Bb7 {[%clk 1:32:13]} 8. a4
{[%clk 1:33:42]} c5 {[%clk 1:32:13]} 9. a5 {[%clk 1:33:25]} Nbd7 {[%clk 1:27:53]}
10. O-O {[%clk 1:32:56]} bxa5 {[%clk 1:25:49]} 11. Nbd2 {[%clk 1:32:26]} cxd4
{[%clk 1:24:50]} 12. exd4 {[%clk 1:32:40]} Nb6 {[%clk 1:18:44]} 13. Re1 {[%clk
1:32:15]} Bc6 {[%clk 1:05:56]} 14. Bh2 {[%clk 1:30:07]} a4 {[%clk 1:05:59]} 15.
Nc4 {[%clk 1:27:56]} Nxc4 {[%clk 1:04:41]} 16. Bxc4 {[%clk 1:28:14]} Rb8 {[%clk
1:01:09]} 17. d5 {[%clk 1:24:13]} Bd7 {[%clk 1:00:44]} 18. Ra2 {[%clk 1:22:06]}
Re8 {[%clk 0:58:41]} 19. Nd4 {[%clk 1:20:54]} Qb6 {[%clk 0:57:29]} 20. Qd3 {[%clk
1:19:48]} Bf8 {[%clk 0:53:06]} 21. g4 {[%clk 1:13:25]} Qc5 {[%clk 0:51:01]} 22.
b4 {[%clk 1:09:42]} axb3 {[%clk 0:50:33]} 23. Nxb3 {[%clk 1:09:49]} Qc7 {[%clk
0:49:55]} 24. Rea1 {[%clk 1:09:52]} Rec8 {[%clk 0:44:14]} 25. Nd2 {[%clk
1:09:27]} Ra8 {[%clk 0:44:16]} 26. Ra6 {[%clk 1:09:07]} Rcb8 {[%clk 0:32:10]} 27.
Qd4 {[%clk 1:06:22]} Rb7 {[%clk 0:24:11]} 28. Bf4 {[%clk 1:05:08]} Bg7 {[%clk
0:23:31]} 29. Qd3 {[%clk 1:01:52]} h5 {[%clk 0:18:45]} 30. f3 {[%clk 1:00:53]}
Rb6 {[%clk 0:12:44]} 31. R6a5 {[%clk 1:01:05]} hxg4 {[%clk 0:06:56]} 32. hxg4
{[%clk 0:59:31]} Nh7 {[%clk 0:04:16]} 33. Be3 {[%clk 0:58:10]} Rb7 {[%clk
0:04:27]} 34. Kg2 {[%clk 0:57:44]} Qc8 {[%clk 0:04:20]} 35. Ba6 {[%clk 0:57:56]}
Bxg4 {[%clk 0:04:57]} 36. Bxb7 {[%clk 0:56:52]} Bh3+ {[%clk 0:03:57]} 37. Kf2
{[%clk 0:48:06]} Qxb7 {[%clk 0:03:22]} 38. Rxa7 {[%clk 0:47:58]} Rxa7 {[%clk
0:02:57]} 39. Rxa7 {[%clk 1:18:22]} Qb2 {[%clk 0:30:56]} 40. Rxe7 {[%clk
1:16:14]} Bf5 {[%clk 0:31:10]} 41. Re8+ {[%clk 1:15:58]} Nf8 {[%clk 0:29:27]} 42.
Qa6 {[%clk 1:14:06]} Bd7 {[%clk 0:15:07]} 43. Rd8 {[%clk 1:13:36]} Qxc3 {[%clk
0:06:12]} 44. Qxd6 {[%clk 1:13:04]} Bb5 {[%clk 0:06:29]} 45. Ne4 {[%clk 1:02:52]}
Qb2+ {[%clk 0:04:37]} 46. Bd2 {[%clk 1:03:02]} f5 {[%clk 0:01:13]} 47. Qb4 {[%clk
0:56:45]} fxe4 {[%clk 0:00:43]} 48. Rxf8+ {[%clk 0:57:06]} Kh7 {[%clk 0:00:53]}
49. Qxb2 {[%clk 0:57:21]} Bxb2 {[%clk 0:01:22]} 50. Rb8 {[%clk 0:55:53]} Bd4+
{[%clk 0:01:20]} 51. Be3 {[%clk 0:56:16]} Bxe3+ {[%clk 0:01:28]} 52. Kxe3 {[%clk
0:56:42]} Ba4 {[%clk 0:01:37]} 53. fxe4 {[%clk 0:57:02]} 1-0

[Event "Irena Warakomska Memorial A"]
[Site "Suwalki"]
[Date "2020.08.09"]
[Round "5"]
[White "Gumularz, Szymon"]
[Black "Lewicki, Miroslaw"]
[Result "1-0"]
[Board "2"]
[WhiteElo "2506"]
[WhiteTitle "IM"]
[WhiteCountry "POL"]
[WhiteFideId "1188062"]
[WhiteEloChange "3"]
[BlackElo "2340"]
[BlackTitle "IM"]
[BlackCountry "POL"]
[BlackFideId "1113380"]
[BlackEloChange "-6"]

1. d4 {[%clk 1:30:58]} Nf6 {[%clk 1:30:54]} 2. c4 {[%clk 1:31:18]} e6 {[%clk
1:31:18]} 3. Nc3 {[%clk 1:31:41]} d5 {[%clk 1:31:41]} 4. cxd5 {[%clk 1:32:03]}
exd5 {[%clk 1:32:05]} 5. Bg5 {[%clk 1:32:23]} Be7 {[%clk 1:31:56]} 6. e3 {[%clk
1:32:47]} O-O {[%clk 1:32:12]} 7. Bd3 {[%clk 1:33:08]} b6 {[%clk 1:31:04]} 8.
Bxf6 {[%clk 1:27:41]} Bxf6 {[%clk 1:30:17]} 9. Qh5 {[%clk 1:27:47]} g6 {[%clk
1:30:08]} 10. Qxd5 {[%clk 1:27:49]} c6 {[%clk 1:30:21]} 11. Qxd8 {[%clk 1:27:57]}
Rxd8 {[%clk 1:30:45]} 12. Nge2 {[%clk 1:27:34]} Bb7 {[%clk 1:31:06]} 13. Be4
{[%clk 1:27:24]} Na6 {[%clk 1:30:59]} 14. O-O {[%clk 1:27:11]} Rd7 {[%clk
1:27:41]} 15. Rac1 {[%clk 1:23:31]} Kg7 {[%clk 1:27:51]} 16. a3 {[%clk 1:21:34]}
Re8 {[%clk 1:27:01]} 17. b4 {[%clk 1:19:38]} Nc7 {[%clk 1:27:10]} 18. Bf3 {[%clk
1:16:15]} Bg5 {[%clk 1:26:17]} 19. Rc2 {[%clk 1:16:17]} f5 {[%clk 1:25:55]} 20.
g3 {[%clk 1:16:03]} Ree7 {[%clk 1:25:16]} 21. Rfc1 {[%clk 1:15:46]} Rd6 {[%clk
1:23:23]} 22. h4 {[%clk 1:10:54]} Bh6 {[%clk 1:22:53]} 23. a4 {[%clk 1:09:24]}
Ba6 {[%clk 1:21:05]} 24. Na2 {[%clk 0:50:49]} Bxe2 {[%clk 1:21:27]} 25. Rxe2
{[%clk 0:50:53]} Ne6 {[%clk 1:21:36]} 26. Rc3 {[%clk 0:50:40]} g5 {[%clk
1:19:50]} 27. hxg5 {[%clk 0:46:01]} Nxg5 {[%clk 1:20:04]} 28. Kg2 {[%clk
0:46:11]} Nxf3 {[%clk 1:18:33]} 29. Kxf3 {[%clk 0:46:35]} Kg6 {[%clk 1:18:35]}
30. Rec2 {[%clk 0:46:53]} Ree6 {[%clk 1:19:00]} 31. Nc1 {[%clk 0:40:10]} 1-0